Thatcher and Thatcherism (Record no. 576290)

MARC details
000 -LEADER
fixed length control field 00797nam a2200169Ia 4500
008 - FIXED-LENGTH DATA ELEMENTS--GENERAL INFORMATION
fixed length control field 250718s9999 xx 000 0 und d
020 ## - INTERNATIONAL STANDARD BOOK NUMBER
ISBN 9780415270120
082 ## - DEWEY DECIMAL CLASSIFICATION NUMBER
Classification number 941.0858092
Item number EVA
100 ## - MAIN ENTRY--AUTHOR NAME
Personal name Evans, Eric J.
245 #0 - TITLE STATEMENT
Title Thatcher and Thatcherism
260 ## - PUBLICATION, DISTRIBUTION, ETC. (IMPRINT)
Name of publisher Psychology Press
Year of publication 2004
300 ## - PHYSICAL DESCRIPTION
Number of Pages 191 pages
500 ## - GENERAL NOTE
General note Thatcherism produced dramatic changes in most aspects of public life, both in Britain and abroad. This work surveys the origins and impact of Thatcherism as a cultural construct and an economic creed. Centering on the career of Margaret Thatcher, the author argues that Thatcherism was a bold experiment in ideologically driven government which failed to meet its objectives.
650 ## - SUBJECT ADDED ENTRY--TOPICAL TERM
Topical Term Biography & Autobiography
942 ## - ADDED ENTRY ELEMENTS (KOHA)
Koha item type English Books
Holdings
Withdrawn status Lost status Damaged status Not for loan Home library Current library Shelving location Date acquired Full call number Accession Number Price effective from Koha item type
        Anna Centenary Library Anna Centenary Library 7TH FLOOR, B WING 18.07.2025 941.0858092 EVA 177407 18.07.2025 English Books

Find us on the map